000 02875cam a22004934i 4500
003 PE-LiUPU
005 20250731172904.0
008 170120s2016 xxu rb 001 0 eng d
020 _a0310587786
020 _a9780310587781
035 _a(Sirsi) a166320
040 _aPE-LiUPU
_bspa
_cPE-LiUPU
_erda
049 _aPRUA
082 0 4 _a241
_bR15
_223
100 1 _aRae, Scott B.,
_eautor.
245 1 0 _aIntroducing Christian ethics :
_ba short guide to making moral choices /
_cScott B. Rae.
264 1 _aGrand Rapids :
_bZondervan,
_c2016.
300 _a189 páginas ;
_c24 centimetros
336 _atext
_2rdacontent
337 _aunmediated
_2rdamedia
338 _avolume
_2rdacarrier
504 _aBibliografía:páginas final de cada tema.
504 _aÍndices: páginas 185-189.
505 0 _aStarting at the beginning: what's so good about being good? -- Theological ethics: where does morality come from? -- Cultural views of morality: why can't we make up our own moral rules for ourselves? -- Making ethical decisions: when I'm in a moral dilemma, what do I do? -- Abortion: how can you say that a pregnant seventeen-year-old, for whom having the baby will ruin her life, is doing something wrong by having an abortion? -- Reproductive technologies: what do you say to infertile couples about the hi-tech ways to have a baby? -- Genetics and biotechnology: what do you tell couples who want to use biotechnology to produce designer children? -- Death, dying, and assisted suicide: don't people have a fundamental right to die? -- Capital punishment: isn't the death penalty a barbaric holdover from uncivilized cultures that should be done away with today? -- War and morality: in view of the Bible's teaching to love your enemies, why isn't every Christian a pacifist? -- Sexual ethics: shouldn't people be able to love and have sex with whomever they choose? -- Christian ethics, economics, and the workplace: how does my work connect to my spiritual life and my service to God?
526 _aSEG42
526 _aSEG41
526 _aSEG40
526 _aSEG39
526 _aP94
526 _aP87
526 _aP86
526 _aP85
526 _aP77
526 _aP76
526 _aP35
650 0 4 _aÉtica cristiana.
_91047
650 0 4 _aÉtica Cristiana.
_2fast
_0(OCoLC)fst00859107
_91047
910 _ajck
_bjvq
_cjck
_d20170120.
942 _2ddc
_cBOOK
949 _a241 R15
_wDEWEY
_c1
_i75569
_lCATALOGING
_mBUL
_p8.50
_r0
_sY
_tBOOK
_u2017-01-20
_xTEOLOGIA
_zPOSGRADO TEOLOGÍA
_0COMPRA
_o.CIRCNOTE. El documento es de alto precio.
_o.STAFF. Colección Teología
596 _a1
999 _a241 R15
_wLC
_c15063
_i75569
_f2021-11-10
_g5
_lCCODEBUL1
_mBUL
_p8.50
_r0
_sY
_tBOOK
_u2017-1-20
_xTEOLOGIA
_PP85
_0COMPRA
_o.STAFF. Colección Teología
_d15063
980 _81
_gALBERTO SANCHEZ Responsable de Automatización